01820nam a2200337 a 450000500170000000800410001702000150005804100080007309200200008110000290010124502680013025000110039826000440040930000110045350000900046465300520055465300500060665300570065665300520071365300960076565300770086165300770093865300180101565300890103365300250112265300590114765300510120694200120125799900150126995201980128420240412113826.0100810t1983||||ag f |||| 001 0 spa d a9500690179 aspa c364.15l83sTIE1 aTieghi, Osvaldo N.93007 aDelitos sexuales.bT.1 Adulterio. Concubinato. Amancebamiento marital. Violacion. Lesiones y homicidio sexuales. Asesinato por lubricidad. Contagio venéreo. Pederastia. Sodomía. Homosexualidad. Incesto. Abuso deshonesto y de adolescentes /cOsvaldo N. Tieghi. a1a ed. aBuenos Aires: bEditorial Abaco;c1983. a477 p. aTieghi, O. N. (1983). Delitos sexuales. T.1 (1a ed.). Buenos Aires : Editorial Abaco. aEtimología, concepto e historia del adulterio aAdulterio en la legislación penal Argentina aConcubinato, barraganería y amancebamiento marital aEtimología y concepto juridico de violación aSupuestos de violación: violación propia e impropia; con violencia real: fisica y moral aSupuestos de violación: violación con violencia supuesta o inductiva aSupuestos de violación: violación con violencia presunta o inductiva aAcceso carnal aDelito de incesto y las causas de agravación del artículo 122 del código penal aTentativa y concurso aAbuso deshonesto y ultraje ciolento al pudor. Concepto aAbuso deshonesto en la legislación Argentina 2ddccBK c2211d2211 00102ddc4070aBFMbBFMcCRd2015-09-21eDonación Jaime Novodvoretz, Septiembre 2015l0o364.15 83 TIEp3551r2015-09-21tEj.1w2015-09-21yBKzDonación Jaime Novodvoretz, Septiembre 2015